000 00310nam a2200121Ia 4500
008 191201s2002 xx 000 0 und d
100 _aCOVEY, Stephen R
245 0 _aPrinciple Centred Leadership
260 _aN.Delhi
_bPocket Book London,
_c2002
300 _a332
650 _aGeneral Books
942 _2ddc
_cBK
999 _c2164
_d2164